000 00647nam a2200193 i 4500
001 188045
003 SpMaBN
005 20230906223107.0
008 180419s1962 sp |||| |dspa d
080 _a929 Leseur, Elisabeth
080 _a248.1
100 1 _aLeseur, Elisabeth.
_9164654
245 1 0 _aDiario y pensamientos /
_cIsabel Leseur ; versión por el Rvdo. D. Camilo Sánchez.
260 _aMadrid :
_bEdiciones Paulinas,
_c[1962]
300 _a305 p. ;
_c19 cm.
650 7 _aAscetismo.
_910365
700 1 _aSánchez, Camilo.
_9102348
852 _aES-MaACL
_jL-31926
_z. - Donat. herederos de la bibl. de Mª del Pilar Costa Palacín
999 _c188045
_d188045